CT vyšetření trávicí trubice

Bibliographic Details
Main Author: Válek, Vl (Author)
Format: Article
Language:Slovak
Czech
ISSN:1335-0625
Subjects:

MARC

LEADER 00000nab a2200000 a 4500
001 vtls000667274
003 SK-MaSNL
005 20260304090541.0
008 250425c1998 xo 0 slo
015 |a SNBRB1998/07-19559 
035 |a CLN000019456 
035 |a urn:nbn:sk:snk-ab6wph 
035 |a (uuid)e0e95495-a01d-4f4b-af0b-3754586e4b37 
035 |a (urnnbn)urn:nbn:sk:snk:ar-a06386 
035 |a (sysno)vtls000667274 
040 |a SNKBUCL  |b slo  |c SNKBUCL  |e AACR2 
041 0 |a cze 
044 |a xo  |c SK 
080 |a 616.32/.34-073  |2 1997 
100 1 |a Válek, Vl.  |4 aut  |9 1349384 
245 1 0 |a CT vyšetření trávicí trubice  |c Vl. Válek 
650 0 7 |a trakt gastrointestinálny  |x tomografia počítačová  |2 snkbucl  |9 1381791 
650 0 7 |a sonografia počítačová  |2 snkbucl  |9 1381792 
655 7 |a články z novín a časopisov  |2 snkbucl  |9 267496 
773 0 |t Slovenská rádiológia  |g Roč. 5, č. 1 (1998), s. 36-39  |x 1335-0625 
850 |a Slovenská národná knižnica 
852 |a Slovenská národná knižnica 
958 |a article27 
958 |a OND 
958 |a EUIPO 
992 |a RBX 
999 |c 2811809  |d 2813739